Political representation of Muslims in India: (Record no. 17102)

MARC details
000 -LEADER
fixed length control field 00770nam a22002177a 4500
005 - DATE AND TIME OF LATEST TRANSACTION
control field 2008102004404.0
008 - FIXED-LENGTH DATA ELEMENTS--GENERAL INFORMATION
fixed length control field 081020t xxu||||| |||| 00| 0 eng d
010 ## - LIBRARY OF CONGRESS CONTROL NUMBER
LC control number ENG-84138
020 ## - INTERNATIONAL STANDARD BOOK NUMBER
International Standard Book Number 8178271303
020 ## - INTERNATIONAL STANDARD BOOK NUMBER
Terms of availability 900.00 (hb)
035 ## - SYSTEM CONTROL NUMBER
System control number EN-67671
082 ## - DEWEY DECIMAL CLASSIFICATION NUMBER
Classification number 328.334 / IQB
100 ## - MAIN ENTRY--PERSONAL NAME
Personal name Iqbal A Ansari
245 ## - TITLE STATEMENT
Title Political representation of Muslims in India:
Remainder of title (1952-2004) /
Statement of responsibility, etc by Iqbal A Ansari
260 ## - PUBLICATION, DISTRIBUTION, ETC. (IMPRINT)
Place of publication, distribution, etc Delhi
Name of publisher, distributor, etc Manak Publications
260 ## - PUBLICATION, DISTRIBUTION, ETC. (IMPRINT)
Date of publication, distribution, etc 2006
300 ## - PHYSICAL DESCRIPTION
Extent xxii,418p
Dimensions 25cm
500 ## - GENERAL NOTE
General note Includes bibliographical references and index
942 ## - ADDED ENTRY ELEMENTS (KOHA)
Source of classification or shelving scheme Dewey Decimal Classification
Koha item type English Books
Classification part 328.334
Call number suffix IQB
Holdings
Withdrawn status Lost status Source of classification or shelving scheme Damaged status Not for loan Home library Current library Date acquired Cost, normal purchase price Total Checkouts Full call number Barcode Date last seen Cost, replacement price Price effective from Koha item type
    Dewey Decimal Classification   Not For Loan D.B.Act.Division D.B.Act.Division 26/02/2007 900.00   328.334 IQB EN-67671 21/10/2008 900.00 21/10/2008 English Books

© Delhi Public Library
Hit Counter
free hit counter